| 000 | 00660nam a22002177a 4500 | ||
|---|---|---|---|
| 003 | SEM | ||
| 005 | 20260409121027.0 | ||
| 008 | 260309s2015 ru ||||gr||||||01|||rus|d | ||
| 020 | _a9785170896394 | ||
| 040 |
_aSEM _cSEM |
||
| 041 | _arus | ||
| 080 | _a860(82)-3/Б-90 | ||
| 100 | _aБукай, Хорхе | ||
| 245 |
_aПуть Встреч / _cБукай Хорхе |
||
| 260 |
_aМосква : _bАСТ, _bЛитературно-художественное издание, _c2015. |
||
| 300 |
_a351 c. ; _c17 cm |
||
| 650 | _aАргентинская литература | ||
| 650 | _aПсихология | ||
| 653 | _aՍԷՄ | ||
| 942 |
_2udc _cBK _n0 |
||
| 999 |
_c77189 _d77189 |
||